Elementare Mikroökonomik

Salvato in:
Dettagli Bibliografici
Autore principale: Hillebrand, Konrad A.
Natura: Libro
Lingua:tedesco
Pubblicazione: München Oldenbourg 1992
Edizione:1. Aufl.
Soggetti:
Tags: Aggiungi Tag
Nessun Tag, puoi essere il primo ad aggiungerne!!

MARC

LEADER 00000nam a2200000 4500
001 c010387
005 20221214091738.9
020 |a 3-486-22383-6 
041 0 |a ger 
044 |a DE 
245 1 0 |a Elementare Mikroökonomik  |c Konrad A. Hillebrand 
250 |a 1. Aufl. 
264 1 |a München  |b Oldenbourg  |c 1992 
300 |a 178 s. 
610 2 0 |a mikroekonomika 
610 2 0 |a rozpočtovníctvo 
610 2 0 |a podnikanie 
610 2 0 |a trh 
610 2 0 |a ceny 
610 2 0 |a konkurencia 
610 2 0 |a teórie ekonomické 
100 1 |a Hillebrand, Konrad A.